[Event "11th HIT Open A"]
[Site "Nova Gorica SLO"]
[Date "2006.02.01"]
[Round "9"]
[White "Nevednichy,V"]
[Black "Markus,R"]
[Result "0-1"]
[WhiteElo "2581"]
[BlackElo "2595"]

1.e4 c5 2.Nf3 e6 3.d4 cxd4 4.Nxd4 a6 5.Nc3 b5 6.Bd3 Qc7 7.O-O Bb7 8.Kh1 Nf6
9.a3 Bc5 10.Nb3 Be7 11.f4 d6 12.Qe2 Nc6 13.Bd2 O-O 14.Rae1 Nd7 15.Rf3 g6
16.Rh3 Bf6 17.Qg4 Qd8 18.Nd1 Bg7 19.Qg3 Nc5 20.Bc3 Nxb3 21.cxb3 f5 22.exf5 exf5
23.Re6 Rf7 24.Rxh7 Kxh7 25.Rxg6 Bxc3 26.bxc3 Ne7 27.Rg5 Kh8 28.Ne3 Rh7 29.h3 Qf8
30.c4 Qh6 31.Kh2 Qh4 32.Bxf5 Qxg3+ 33.Kxg3 Rg7 34.h4 Nxf5+ 35.Nxf5 Rxg5+
36.hxg5 bxc4 37.bxc4 d5 38.cxd5 Bxd5 39.Ne7 Bf7 40.f5 Ra7 41.Nc6 Rc7 42.Ne5 Be8
43.Kf4 Rc3 44.g6 Rxa3 45.f6 Bxg6 46.Nxg6+ Kg8 47.Ne5 Ra2 48.Ke4 Rxg2 49.Kd5 a5
50.Kc4 Rb2 51.Kc3 Rb1 52.Kc2 Rb5 53.Nc4 a4 54.Kc3 Rb8 55.Kd4 Kf7 56.Ne5+ Ke6
57.Nc4 Kxf6  0-1

[Event "Open"]
[Site "Moscow RUS"]
[Date "2006.02.02"]
[Round "5"]
[White "Vorobiov,E"]
[Black "Smirnov,I UKR"]
[Result "1-0"]
[WhiteElo "2543"]
[BlackElo "2433"]

1.e4 c5 2.Nf3 e6 3.Nc3 a6 4.d4 cxd4 5.Nxd4 Qc7 6.Bd3 Nc6 7.Nxc6 dxc6 8.O-O e5
9.Be3 Nf6 10.Na4 Nd7 11.c4 b5 12.cxb5 axb5 13.Nc3 b4 14.Na4 Be7 15.Qc2 O-O
16.Rfc1 Bb7 17.Be2 Ba6 18.Bxa6 Rxa6 19.b3 Rfa8 20.Rd1 Nf8 21.Rd2 Rd8 22.Rxd8 Qxd8
23.Qc4 Qa5 24.Bc5 Bxc5 25.Nxc5 Rb6 26.Rd1 Rb8 27.Rd2 h6 28.g3 g6 29.Kg2 h5
30.h4 Kg7 31.Rd6 Qc7 32.Rd3 Qa5 33.Rf3 Qa7 34.Na6 Rc8 35.Nxb4 Ne6 36.Rc3 Nd4
37.Nd3 Nb5 38.Rc1 Qxa2 39.Nxe5 Rc7 40.Rd1 Qa8 41.Nf3 Qe8 42.Ng5 Qe5 43.Rd8 Nd6
44.Qb4 c5 45.Qb8 Nxe4 46.Re8  1-0

[Event "Open"]
[Site "Moscow RUS"]
[Date "2006.02.02"]
[Round "5"]
[White "Czarnota,P"]
[Black "Prathamesh,S"]
[Result "1-0"]
[WhiteElo "2497"]
[BlackElo "2346"]

1.e4 c5 2.Nf3 e6 3.d4 cxd4 4.Nxd4 a6 5.Nc3 b5 6.Bd3 d6 7.O-O Nf6 8.a4 b4
9.Na2 e5 10.Nf5 Bxf5 11.exf5 Nc6 12.c3 bxc3 13.Nxc3 d5 14.Bg5 Be7 15.Bc2 Nb4
16.Bb3 d4 17.Bxf6 Bxf6 18.Ne4 O-O 19.a5 Kh8 20.Bc4 Be7 21.b3 Rc8 22.Kh1 Rc6
23.f4 exf4 24.Rxf4 Qb8 25.Rf2 Rh6 26.g4 Bh4 27.Rg2 Bd8 28.Qd2 Bc7 29.Rf1 Qb7
30.Re1 Re8 31.Nd6 Rxh2+ 32.Kxh2 Bxd6+ 33.Kh1 Rxe1+ 34.Qxe1 Qd7 35.Re2 h6
36.Re8+ Kh7 37.Qe4 Nc6 38.Bxf7 Qxf7 39.f6+ g6 40.Qxc6 d3 41.Qa8 Qxf6 42.Qb7+ Qg7
43.Qxg7+ Kxg7 44.Rd8 Bb4 45.Rxd3 Kf6 46.Rd4 Bxa5 47.Rd6+ Kf7 48.Rxa6 Bd2
49.Rb6 h5 50.gxh5 gxh5 51.b4 Ke7 52.b5 Kd7 53.Rc6 h4 54.Rc4 Be1 55.b6 Bg3
56.b7 Bd6 57.Rd4  1-0

[Event "ch-GER"]
[Site "Osterburg GER"]
[Date "2006.02.03"]
[Round "1"]
[White "Gikas,B"]
[Black "Markgraf,Al"]
[Result "0-1"]
[WhiteElo "2231"]
[BlackElo "2412"]

1.e4 c5 2.Nf3 e6 3.d4 cxd4 4.Nxd4 a6 5.Nc3 b5 6.g3 Bb7 7.Bg2 b4 8.Nb1 Nf6
9.Bg5 h6 10.Bxf6 Qxf6 11.O-O Nc6 12.Nxc6 Bxc6 13.Nd2 Rc8 14.a4 Qxb2 15.Nc4 Qf6
16.e5 Qd8 17.Nd6+ Bxd6 18.Qxd6 Qe7 19.Qd3 Bxg2 20.Kxg2 a5 21.f4 Rc3 22.Qe4 O-O
23.Rfd1 Qc5 24.Ra2 Re3 25.Qb7 Re2+ 26.Kh3 Qf2 27.Qh1 b3  0-1

[Event "TCh-FRA Top 16 Gp A"]
[Site "Paris FRA"]
[Date "2006.02.03"]
[Round "1"]
[White "Fressinet,L"]
[Black "Conquest,S"]
[Result "1-0"]
[WhiteElo "2625"]
[BlackElo "2522"]

1.e4 c5 2.Nf3 e6 3.Nc3 a6 4.d4 cxd4 5.Nxd4 d6 6.Be3 Nc6 7.f4 Nf6 8.Qf3 Nxd4
9.Bxd4 Qa5 10.Qe3 Nd7 11.Qd2 b5 12.Bd3 Bb7 13.O-O b4 14.Ne2 e5 15.Be3 d5
16.Ng3 exf4 17.Bxf4 Bc5+ 18.Kh1 O-O 19.e5 Rae8 20.Nf5 Qb6 21.Rae1 Re6 22.Qd1 g6
23.Nh6+ Kh8 24.Ng4 h5 25.Bh6 Rd8 26.Rxf7 hxg4 27.Qxg4 Nxe5 28.Qh3 Nxf7 29.Rxe6 Bc8
30.Bg5+ Kg8 31.Rxb6  1-0

[Event "TCh-NED 2005-6"]
[Site "Netherlands NED"]
[Date "2006.02.04"]
[Round "6"]
[White "Geirnaert,S"]
[Black "Li Shilong"]
[Result "0-1"]
[WhiteElo "2357"]
[BlackElo "2543"]

1.e4 c5 2.Nf3 e6 3.Nc3 a6 4.d4 cxd4 5.Nxd4 b5 6.g3 Bb7 7.Bg2 Nf6 8.O-O b4
9.Na4 Qa5 10.b3 h5 11.Qd3 h4 12.h3 hxg3 13.fxg3 Nc6 14.Bb2 Ne5 15.Qe2 Rc8
16.Rad1 Be7 17.Rf2 Bc6 18.Nxc6 Rxc6 19.Rd5 exd5 20.exd5 Rc8 21.Bxe5 Kf8 22.d6 Bd8
23.g4 Qb5 24.Qe3 Ne8 25.Bf1 Qd5 26.Bxa6 Rxc2 27.Bc4 Rxc4 28.bxc4 Qd1+ 29.Kh2 Qxa4
30.g5 Qc6 31.c5 Qd5 32.Re2 Rh5 33.Bd4 Qe6 34.Qxe6 fxe6 35.c6 dxc6 36.d7 Nc7
37.Bc5+ Kg8 38.Rf2 Bxg5 39.Rf8+ Kh7 40.Bb6 Nd5 41.Bd8 Bxd8 42.Rxd8 Nf6 43.Rh8+ Kxh8
44.d8=Q+ Kh7 45.Qd3+ Rf5 46.Qc4 e5 47.Qxb4 e4 48.Qc4 Re5 49.Kg1 e3 50.Kf1 e2+
51.Ke1 Nd5 52.Qxc6 Nf4 53.Qf3 g5 54.h4 Kg6 55.hxg5 Kxg5 56.a4 Kf5 57.a5 Rb5
58.Kd2 Rb1  0-1

[Event "ch-Serbia"]
[Site "Vrnjacka Banja SCG"]
[Date "2006.02.04"]
[Round "8"]
[White "Marinkovic,Sl"]
[Black "Tadic,B"]
[Result "0-1"]
[WhiteElo "2403"]
[BlackElo "2491"]

1.e4 c5 2.Nf3 e6 3.Nc3 a6 4.d4 cxd4 5.Nxd4 b5 6.Bd3 Bb7 7.a3 Qb6 8.Nb3 d6
9.Be3 Qc7 10.f4 Nf6 11.O-O Nbd7 12.Qf3 Be7 13.Qg3 g6 14.Rae1 Rc8 15.e5 Nd5
16.Nxd5 Bxd5 17.exd6 Bxd6 18.Nd2 O-O 19.Ne4 Bxe4 20.Bxe4 f5 21.Bd3 e5 22.fxe5 Nxe5
23.Bf4 Rce8 24.Rd1 Rf7 25.h3 Bf8 26.c3 Qc5+ 27.Kh1 Bg7 28.Bc2 Nc4 29.b4 Qc6
30.Bb3 Rfe7 31.Rfe1 Re4  0-1

[Event "TCh-BEL 2005-6"]
[Site "Belgium BEL"]
[Date "2006.02.05"]
[Round "8"]
[White "Lobzhanidze,D"]
[Black "Landa,K"]
[Result "1/2-1/2"]
[WhiteElo "2462"]
[BlackElo "2597"]

1.e4 c5 2.Nf3 e6 3.d4 cxd4 4.Nxd4 a6 5.Nc3 Qc7 6.Bd3 Nf6 7.f4 b5 8.e5 b4
9.Ne4 Nxe4 10.Bxe4 Bb7 11.Qf3 Nc6 12.Nxc6 Bxc6 13.Bxc6  1/2-1/2

[Event "TCh-FRA Top 16 Gp A"]
[Site "Clichy FRA"]
[Date "2006.02.05"]
[Round "3"]
[White "Calistri,T"]
[Black "Guidarelli,L"]
[Result "1-0"]
[WhiteElo "2382"]
[BlackElo "2462"]

1.e4 c5 2.Nf3 e6 3.d4 cxd4 4.Nxd4 a6 5.Nc3 b5 6.Bd3 Bb7 7.O-O Qc7 8.Be3 Nf6
9.a3 h5 10.h3 Nc6 11.Qe2 Nxd4 12.Bxd4 Bc5 13.Bxc5 Qxc5 14.e5 Nd5 15.Ne4 Qb6
16.Nd6+ Ke7 17.Nxb7 Qxb7 18.Be4 Rac8 19.Rad1 Rc4 20.Qf3 Rxe4 21.Qxe4 Qc7
22.Rd4 f5 23.exf6+ Nxf6 24.Qg6 Kf8 25.Rfd1 d5 26.a4 Rh6 27.Qd3 e5 28.Rb4 Qc5
29.c3 Ne4 30.Qe3 Rc6 31.axb5 axb5 32.Qxc5+ Rxc5 33.Re1  1-0

[Event "ch-GER"]
[Site "Osterburg GER"]
[Date "2006.02.05"]
[Round "3"]
[White "Hoepfl,T"]
[Black "Markgraf,Al"]
[Result "0-1"]
[WhiteElo "2313"]
[BlackElo "2412"]

1.e4 c5 2.Nf3 e6 3.d4 cxd4 4.Nxd4 a6 5.Nc3 Nc6 6.g3 Bc5 7.Nb3 Ba7 8.Bg2 Nge7
9.O-O O-O 10.Qe2 d6 11.a4 Nb4 12.a5 Bd7 13.Nb1 Rc8 14.Na3 Qc7 15.c3 Nbc6
16.Nc4 Nb8 17.Na3 e5 18.Be3 Bxe3 19.Qxe3 Be6 20.c4 Nd7 21.Rfc1 Nc5 22.Nb1 Nxb3
23.Qxb3 Nc6 24.Qc3 Nd4 25.Bf1 f5 26.exf5 Rxf5 27.Nd2 Rcf8 28.Qe3 Rxf2 29.Qxf2 Rxf2
30.Kxf2 Qc5 31.Ke1 e4 32.Ra3 e3 33.Rxe3 Nc2+ 34.Rxc2 Qxe3+ 35.Be2 Bg4 36.Nf1 Qe4
37.Rd2 Bxe2 38.Rxe2 Qxc4 39.Ne3 Qc5 40.Kd1 Qxa5 41.Rd2 Qh5+ 42.Kc1 Qc5+ 43.Nc2 Qg1+  0-1

[Event "ch-GER"]
[Site "Osterburg GER"]
[Date "2006.02.06"]
[Round "4"]
[White "Rother,C"]
[Black "Rathje,C"]
[Result "1-0"]
[WhiteElo "2293"]
[BlackElo "2130"]

1.e4 c5 2.Nc3 e6 3.Nf3 a6 4.d4 cxd4 5.Nxd4 Qc7 6.Bd3 Nf6 7.O-O Nc6 8.Nxc6 bxc6
9.f4 d5 10.e5 Nd7 11.Ne2 Nc5 12.Be3 Nxd3 13.cxd3 Be7 14.Rc1 O-O 15.Bc5 Rb8
16.b3 Bxc5+ 17.Rxc5 Bd7 18.Qc2 f6 19.d4 Kh8 20.Qc3 Qd8 21.Qe3 Qe7 22.Nc1 Rf7
23.Nd3 Rbf8 24.exf6 gxf6 25.Nb4 e5 26.Nxc6 Qd6 27.fxe5 fxe5 28.Rxf7  1-0

[Event "ch-CUB sf"]
[Site "Santa Clara CUB"]
[Date "2006.02.06"]
[Round "2"]
[White "Gongora,M"]
[Black "Arencibia,W"]
[Result "0-1"]
[WhiteElo "2489"]
[BlackElo "2532"]

1.e4 c5 2.Nf3 e6 3.d4 cxd4 4.Nxd4 a6 5.Nc3 b5 6.Bd3 Qb6 7.Nf3 Nc6 8.O-O Bb7
9.Qe2 d6 10.Be3 Qc7 11.Bxb5 axb5 12.Nxb5 Qb8 13.Rfd1 Ba6 14.c4 Nf6 15.Bf4 e5
16.Bg5 Nd7 17.Rd2 Na5 18.Na3 h6 19.Be3 Nf6 20.Rc2 d5 21.exd5 Bxa3 22.bxa3 O-O
23.Bd2 Nxc4 24.Rxc4 e4 25.Nd4 Qb2 26.Qe3 Nxd5  0-1

[Event "ch-GER"]
[Site "Osterburg GER"]
[Date "2006.02.08"]
[Round "6"]
[White "Schuetze,N"]
[Black "Rathje,C"]
[Result "1/2-1/2"]
[WhiteElo "2161"]
[BlackElo "2130"]

1.e4 c5 2.Nf3 e6 3.d4 cxd4 4.Nxd4 a6 5.Nc3 Qc7 6.Bd3 Nf6 7.f4 b5 8.e5 b4
9.Ne4 Nxe4 10.Bxe4 Bb7 11.Qf3 Nc6 12.Nxc6 Bxc6 13.Bxc6 dxc6 14.Be3 Rd8 15.O-O Be7
16.f5 exf5 17.Qxf5 O-O 18.e6 fxe6 19.Qxe6+ Kh8 20.Rxf8+ Rxf8 21.Rf1 Rxf1+
22.Kxf1 h6 23.g3 a5 24.b3 Qb7 25.Bd4 Qb5+ 26.Ke1 Qg5 27.Qe3 Qxe3+ 28.Bxe3 Bd8
29.Ke2 Kg8 30.Kf3 Kf7 31.Ke4 Ke6 32.g4 Bc7 33.h4 Bd8 34.h5 Kf6 35.Bd4+ Kf7
36.Kf5 Bc7 37.Bc5 Bd8 38.a3 Be7 39.axb4 axb4 40.Bd4 Bf6 41.Be3 Be7 42.Bd2 Bd6
43.Ke4 Ke6 44.Kd4 Be7 45.Bf4 Bd6 46.Be3 Bf8 47.Ke4 Be7 48.Bf4 Bd6 49.Be3 Be7
50.Bf2 Bf6 51.Be1 Be7 52.Kd4 Bd6 53.Kc4 Kf6 54.Bh4+ Ke6 55.Bf2 Kf6 56.Be3 Bf8
57.Bf4 Ke6 58.Bd2 Kf6 59.Bxb4 Bxb4 60.Kxb4 Kg5 61.Kc5 Kxg4 62.Kxc6 Kxh5 63.b4 g5
64.b5 g4 65.b6 g3 66.b7 g2 67.b8=Q g1=Q 68.Kb7 Qb1+ 69.Ka8 Qxc2 70.Qe5+ Kg6
71.Qe6+ Kg5 72.Qe3+  1/2-1/2

[Event "ch-GER"]
[Site "Osterburg GER"]
[Date "2006.02.09"]
[Round "7"]
[White "Muranyi,K"]
[Black "Heinig,Wo"]
[Result "1-0"]
[WhiteElo "2359"]
[BlackElo "2338"]

1.e4 c5 2.Nf3 e6 3.Nc3 a6 4.d4 cxd4 5.Nxd4 Qc7 6.Bd3 Nf6 7.O-O Nc6 8.Nxc6 bxc6
9.f4 d5 10.Kh1 Be7 11.Bd2 c5 12.b3 c4 13.bxc4 dxc4 14.Be2 Bb7 15.Bf3 Rd8
16.Qe1 Rd7 17.e5 Nd5 18.f5 O-O 19.f6 gxf6 20.Bxd5 exd5 21.exf6 Bd6 22.Qh4 Kh8
23.Rf5 d4 24.Rh5  1-0

[Event "ch-CZE"]
[Site "Brno CZE"]
[Date "2006.02.10"]
[Round "4"]
[White "Kalod,R"]
[Black "Bernasek,J"]
[Result "1/2-1/2"]
[WhiteElo "2502"]
[BlackElo "2446"]

1.e4 c5 2.Nf3 e6 3.d4 cxd4 4.Nxd4 a6 5.Nc3 b5 6.Bd3 d6 7.O-O Nf6 8.f4 Bb7
9.Qe2 Be7 10.Bd2 Nbd7 11.Kh1 Nc5 12.b4 Nxd3 13.cxd3 O-O 14.a4 bxa4 15.Nxa4 Nd7
16.Rac1 Rc8 17.Qe3 Rxc1 18.Rxc1 Qb8 19.Nc3 Bf6 20.Nde2 Rc8 21.h3 Bc6 22.Rb1 Qb7
23.Kg1 Bd8 24.Kh2 Bb6 25.Qg3 f5 26.exf5 exf5 27.Be3 Qa7 28.Bxb6 Qxb6 29.d4 Nf6
30.b5 axb5 31.Qd3 Be4 32.Rxb5 Bxd3 33.Rxb6 Ne4 34.Nd5 Rc2 35.Ng3 Nxg3 36.Kxg3 Be4
37.Ne3 Re2 38.Rb3 Kf7 39.Kh4 Rd2 40.g4 fxg4 41.hxg4 Rxd4 42.Rc3 h6 43.g5 Kg6
44.gxh6 Kxh6 45.Kg4 Kg6 46.Ra3 Kf6 47.Rc3 Rd2 48.Rc4 d5 49.Rc6+ Kf7 50.Rc7+ Kg6
51.f5+ Kf6 52.Kg3 d4 53.Ng4+ Kxf5 54.Rxg7 Rd3+ 55.Kh4 Kf4 56.Nf2 Re3 57.Nh3+ Kf3
58.Ng1+ Kf2 59.Nh3+ Ke2 60.Nf4+ Kd2 61.Rd7 d3 62.Kg5 Rg3+ 63.Kf6 Ke3 64.Nxd3 Bxd3
65.Rg7 Rf3+ 66.Ke5 Rf5+ 67.Ke6 Ra5 68.Rc7 Be4 69.Kf6 Kf4 70.Re7 Bf5 71.Rc7 Ra6+
72.Kf7 Be4 73.Rc5 Bf5 74.Rc7 Be6+ 75.Kf6 Bd5+ 76.Ke7 Ke5 77.Kd8 Rb6 78.Ke7 Rh6
79.Kd8 Be6 80.Rg7 Bf5 81.Re7+ Be6 82.Rg7 Bd5 83.Re7+ Kd4 84.Kc7 Kc5 85.Kd8 Rg6
86.Rc7+ Bc6 87.Re7 Kb6 88.Rf7 Re6 89.Rf8 Bb5 90.Rh8 Kc5 91.Rh7 Re8+ 92.Kc7 Bc6
93.Rh5+ Bd5 94.Kd7 Re4 95.Rg5 Rf4 96.Rg7 Rf6 97.Ke7 Re6+ 98.Kd8 Bc6 99.Kc7 Rh6
100.Kd8 Bd5 101.Ke7 Kc6 102.Kd8 Be6 103.Rc7+ Kd6 104.Rd7+ Ke5 105.Rg7 Kf6
106.Rb7 Ke5 107.Rg7 Rh8+ 108.Kc7 Rc8+ 109.Kb7 Kd6 110.Rg2 Rc3 111.Rb2 Bd5+
112.Kb6 Rc8 113.Ka5 Ra8+ 114.Kb4 Rb8+ 115.Kc3 Rxb2  1/2-1/2

[Event "TCh-HUN 2005-6"]
[Site "Hungary HUN"]
[Date "2006.02.12"]
[Round "7"]
[White "Farkas,Ti"]
[Black "Sikula,V"]
[Result "0-1"]
[WhiteElo "2334"]
[BlackElo "2490"]

1.e4 c5 2.Nf3 e6 3.Nc3 a6 4.d4 cxd4 5.Nxd4 Qc7 6.g3 Nf6 7.Bg2 d6 8.O-O Nc6
9.Re1 Nd7 10.Bg5 h6 11.Nxe6 Qa5 12.Nd5 hxg5 13.Nec7+ Kd8 14.Nxa8 Nde5 15.Nab6 Bg4
16.f3 Qc5+ 17.Re3 Be6 18.Kh1 g4 19.Rc3 Qf2 20.Qe1 Nxf3 21.Rxf3 Qxe1+ 22.Rxe1 gxf3
23.Bxf3 g6 24.c3 Bg7 25.a4 Ne5 26.Be2 Re8 27.Kg2 Nd7 28.Nxd7 Bxd7 29.Bd1 f5
30.Bc2 Bc6 31.Nf4 g5 32.Nh3 fxe4 33.Nxg5 e3+ 34.Kg1 Kc7 35.Nh3 d5 36.Nf4 d4
37.Ne2 dxc3 38.bxc3 Kb6 39.Nd4 Bd5 40.Kf1 Bc4+ 41.Kg2 e2 42.Bf5 Kc5 43.Kf2 Bxd4+
44.cxd4+ Kxd4 45.h4 b5 46.axb5 axb5 47.h5 Bd3 48.g4 Bxf5 49.gxf5 Re5 50.h6 Kd3
51.Rh1 Kd2 52.h7 Rxf5+ 53.Kg2 Rf8  0-1

[Event "TCh-HUN 2005-6"]
[Site "Hungary HUN"]
[Date "2006.02.12"]
[Round "7"]
[White "Horvath,And"]
[Black "Pataki,G"]
[Result "1/2-1/2"]
[WhiteElo "2329"]
[BlackElo "2375"]

1.e4 c5 2.Nf3 e6 3.Nc3 a6 4.d4 cxd4 5.Nxd4 b5 6.Bd3 Bc5 7.Be3 Qb6 8.Qg4 Bxd4
9.e5 Nc6 10.Qxg7 Bxe5 11.Qxe5 Nxe5  1/2-1/2

[Event "22nd Open"]
[Site "Cappelle la Grande FRA"]
[Date "2006.02.18"]
[Round "1"]
[White "Van der Weide,K"]
[Black "Aloma Vidal,R"]
[Result "0-1"]
[WhiteElo "2466"]
[BlackElo "2264"]

1.e4 c5 2.Nf3 e6 3.d4 cxd4 4.Nxd4 a6 5.Nc3 b5 6.Bd3 Qb6 7.Nf3 Nc6 8.O-O Qb8
9.Re1 Nge7 10.b3 Ng6 11.Bb2 Bd6 12.a4 b4 13.Nb1 Nce5 14.Nbd2 a5 15.Nxe5 Nxe5
16.Qh5 Qc7 17.Nc4 Nxc4 18.Bxc4 O-O 19.Re3 Bf4 20.Rf3 g6 21.Qh4 Be5 22.Bxe5 Qxe5
23.Rd1 Ba6 24.Bxa6 Rxa6 25.Qf4 Rd6 26.Re1 Qxf4 27.Rxf4 Rc8 28.e5 Rd2 29.h4 Rdxc2
30.Rd1 Rc1 31.Rd4 Rxd1+ 32.Rxd1 Rc7 33.Rd6 Kf8 34.Ra6 Rc1+ 35.Kh2 Rc5 36.f4 Ke7
37.Ra7 Rd5 38.g3 f6 39.exf6+ Kxf6 40.Kh3 h5 41.Kg2 Kf5 42.Kh3 Ke4 43.Ra8 Kd4
44.Rg8 Kc3 45.Rxg6 Kxb3  0-1

[Event "US Amateur Team East"]
[Site "Parsippany USA"]
[Date "2006.02.20"]
[Round "6"]
[White "Kudrin,S"]
[Black "Feuerstein,A"]
[Result "1/2-1/2"]
[WhiteElo "2554"]
[BlackElo "2139"]

1.e4 c5 2.Nf3 e6 3.d4 cxd4 4.Nxd4 a6 5.Nc3 b5 6.Bd3 b4 7.Nce2 Bb7 8.O-O Qc7
9.Ng3 Nf6 10.Qe2 h5 11.e5 Ng4 12.Be4 Ra7 13.h3 Nxe5 14.Bxb7 Rxb7 15.Bf4 d6
16.Nxh5 Qc4 17.Qe4 Nec6 18.Rad1 Rxh5 19.Rfe1 Rd5 20.b3 Rxd4 21.bxc4 Rxe4
22.Rxe4 e5 23.Bc1 Nd7 24.f4 f5 25.Ree1 e4 26.g4 Nc5 27.gxf5  1/2-1/2

[Event "13th Open Metalis"]
[Site "Bizovac CRO"]
[Date "2006.02.25"]
[Round "5"]
[White "Zufic,M"]
[Black "Vernacki,S"]
[Result "1-0"]
[WhiteElo "2406"]
[BlackElo "2247"]

1.e4 c5 2.Nf3 e6 3.d4 cxd4 4.Nxd4 a6 5.Nc3 Qc7 6.Bd3 Nf6 7.O-O Be7 8.Kh1 O-O
9.f4 d6 10.Qe2 Nc6 11.Nxc6 Qxc6 12.e5 Nd7 13.exd6 Bxd6 14.Ne4 Be7 15.Rf3 g6
16.Bd2 f5 17.Ng5 Bxg5 18.fxg5 e5 19.Bc4+ Kg7 20.Bc3 Re8 21.Re3 Qc5 22.Rd1 h6
23.Rd5 Qf8 24.Rdxe5  1-0

[Event "Masters"]
[Site "Bruges BEL"]
[Date "2006.02.26"]
[Round "1"]
[White "Michiels,R"]
[Black "Leenhouts,K"]
[Result "1/2-1/2"]
[WhiteElo "2263"]
[BlackElo "2398"]

1.e4 c5 2.Nf3 e6 3.d4 cxd4 4.Nxd4 a6 5.Nc3 Qc7 6.Be2 Bb4 7.O-O Nf6 8.Qd3 Nc6
9.Nxc6 bxc6 10.Bg5 d5 11.exd5 cxd5 12.Bf3 Bb7 13.Rfe1 Rc8 14.Bxf6 gxf6 15.Bxd5 Rd8
16.Qc4 Qxc4 17.Bxc4 Rd2 18.Bd3 Bc5 19.Re2 Rxe2 20.Nxe2 Rg8 21.Ng3 f5 22.b4 Ba7
23.Re1 Kd8 24.Bf1 Rg4 25.c4 Rf4 26.Rd1+ Kc7 27.Rd2 Bd4 28.a3 a5 29.Rc2 Ba7
30.Rd2 Bd4 31.Rc2 Ba7 32.Rd2 h6 33.Nh5 Re4 34.Nf6 Rd4 35.Rd3 Rxd3 36.Bxd3 Bd4
37.Ng8 axb4 38.axb4 Bg7 39.c5 Kc6 40.Be2 Kd7 41.Bb5+ Bc6 42.Ba6 Bd5 43.b5 h5
44.c6+ Kd8 45.Bb7 Kc7 46.Ne7 Bc4 47.Ba6 Bf8 48.Ng8 Bd5 49.Nf6 Be7 50.Nxh5 Kb6
51.Ng7 Bxc6 52.bxc6 Kxa6 53.Ne8 Kb6 54.c7 Kb7 55.g3 e5 56.h4 f4 57.h5 fxg3
58.fxg3 Bf8 59.g4 Bh6 60.Kf2 e4 61.Ke2 Bf4 62.Nf6 Bc1 63.Nd5 Kc8 64.Kf2 Bg5
65.Kg3 Kd7 66.Kf2 Kc8 67.Ke2 Kd7 68.Kd1 Kc8 69.Kc2 Kd7 70.Kc3 Kc8 71.Kd4 e3
72.Nxe3 Kxc7 73.Nf5 Bf6+ 74.Kd5 Kd7 75.Nh6 Ke8 76.Ke4 Kf8 77.Kf5 Kg7 78.g5  1/2-1/2

[Event "TCh-CZE Extraliga 2005-6"]
[Site "Czech Rep CZE"]
[Date "2006.02.26"]
[Round "9"]
[White "Vyskocil,N"]
[Black "Langner,L"]
[Result "1-0"]
[WhiteElo "2293"]
[BlackElo "2396"]

1.e4 c5 2.Nf3 e6 3.d4 cxd4 4.Nxd4 a6 5.Nc3 b5 6.g3 Bb7 7.Bg2 b4 8.Na4 Nf6
9.O-O Bxe4 10.Bxe4 Nxe4 11.Re1 d5 12.c4 bxc3 13.Nxc3 Nxc3 14.Qh5 Ne4 15.Nxe6 Qd7
16.Nc7+ Qxc7 17.Qxd5 Ra7 18.Qxe4+ Be7 19.Be3 Rb7 20.Rac1 Qd7 21.Red1 Rb4
22.Qc2 Qc6 23.Qxc6+ Nxc6 24.Rxc6 O-O 25.Rd7 Bf6 26.b3 Ra8 27.Ra7  1-0

[Event "TCh-HUN 2005-6"]
[Site "Hungary HUN"]
[Date "2006.02.26"]
[Round "8"]
[White "Tatar Kis,S"]
[Black "Prokopishin,Vasily"]
[Result "1/2-1/2"]
[WhiteElo "2411"]
[BlackElo "2319"]

1.e4 c5 2.Nf3 e6 3.Nc3 a6 4.d4 cxd4 5.Nxd4 b5 6.Bd3 Qb6 7.Nf3 d6 8.O-O Nd7
9.a4 b4 10.a5 Qc7 11.Na2 Qxa5 12.Bd2 Ngf6 13.Nxb4 Qb6 14.Qe1 Be7 15.Be3 Nc5
16.e5  1/2-1/2

[Event "Festival de Meurthe-et-Moselle A"]
[Site "Nancy FRA"]
[Date "2006.02.26"]
[Round "9"]
[White "Bolzoni,V"]
[Black "Sikula,V"]
[Result "0-1"]
[WhiteElo "2222"]
[BlackElo "2490"]

1.e4 c5 2.Nf3 e6 3.d4 cxd4 4.Nxd4 a6 5.Nc3 Qc7 6.g3 Nf6 7.Bg2 d6 8.O-O Be7
9.Re1 O-O 10.Nde2 Nc6 11.b3 b5 12.a3 Bb7 13.Bb2 Rfd8 14.Nf4 Rac8 15.Re2 Ne5
16.h3 Bc6 17.Qd4 Qb8 18.Nd3 a5 19.Rae1 Ned7 20.Nd5 Bxd5 21.exd5 e5 22.Qe3 Nb6
23.f4 Nfxd5 24.Bxd5 Nxd5 25.Qf3 Nc3 26.Bxc3 Rxc3 27.fxe5 dxe5 28.Rxe5 Bxa3
29.Qe2 Qb6+ 30.Kh2 Qc7 31.Re8+ Rxe8 32.Qxe8+ Bf8 33.Re2 Rxc2 34.Nf4 Rxe2+
35.Nxe2 Qc5 36.h4 a4 37.bxa4 bxa4 38.Nf4 a3 39.Qa8 Qc2+ 40.Kh3 a2 41.h5 Qb2
42.Nd5 Qa3  0-1

[Event "Breizh Masters"]
[Site "Guingamp FRA"]
[Date "2006.02.28"]
[Round "3"]
[White "Dourerassou,J"]
[Black "Oleksienko,M"]
[Result "0-1"]
[WhiteElo "2354"]
[BlackElo "2509"]

1.e4 c5 2.Nf3 e6 3.d4 cxd4 4.Nxd4 a6 5.Nc3 b5 6.Bd3 Qb6 7.Nb3 Qc7 8.O-O Nf6
9.Qe2 d6 10.a4 b4 11.Na2 Nc6 12.c3 bxc3 13.Nxc3 Rb8 14.Bc2 Be7 15.Be3 O-O
16.a5 e5 17.Bb6 Qb7 18.f4 Bd8 19.Na4 Bxb6+ 20.axb6 Nd7 21.fxe5 dxe5 22.Kh1 Nxb6
23.Nac5 Qc7 24.Bd3 Nd7 25.Rfc1 Nxc5 26.Nxc5 Nd4 27.Qh5 Qe7 28.Bxa6 Bxa6 29.Nxa6 Rxb2
30.Nc7 Nb3 31.Nd5 Qd6 32.Rcb1 Rxb1+ 33.Rxb1 Nd2 34.Re1 f5 35.Qh4 fxe4 36.Ne3 Qf6
37.Qxf6 gxf6 38.Rd1 Nb3 39.Nf5 Nd4 40.Nxd4 Rd8 41.Kg1 exd4 42.Kf2 Kf7 43.Ra1 d3
44.Ke3 d2 45.Rd1 f5  0-1

[Event "1st ONGC Cup"]
[Site "Hyderabad IND"]
[Date "2006.02.28"]
[Round "5"]
[White "Neelotpal,D"]
[Black "Himanshu,Sh"]
[Result "1/2-1/2"]
[WhiteElo "2512"]
[BlackElo "2411"]

1.e4 c5 2.Nf3 e6 3.Nc3 a6 4.d4 cxd4 5.Nxd4 Nc6 6.Nxc6 bxc6 7.Bd3 Qc7 8.Qe2 d6
9.O-O Be7 10.Qg4 Bf6 11.f4 e5 12.f5 Bb7 13.Kh1 Rd8 14.Be2 Ne7 15.Bg5 h5 16.Qh4 Ng8
17.Rad1 Qe7 18.Bxf6 Nxf6 19.Bc4 d5 20.exd5 cxd5 21.Bxa6 d4 22.Bxb7 Qxb7 23.Rfe1 O-O
24.Ne4 Nxe4 25.Rxe4 f6 26.b3 Rc8 27.Re2 Rc3 28.Qxh5 Rfc8 29.Rxd4 exd4 30.Re8+ Rxe8
31.Qxe8+ Kh7 32.Qh5+ Kg8 33.Qe8+ Kh7 34.Qh5+  1/2-1/2

[Event "2nd ch-SCG"]
[Site "Pancevo SCG"]
[Date "2006.02.28"]
[Round "2"]
[White "Djukic,Ni"]
[Black "Pikula,D"]
[Result "1/2-1/2"]
[WhiteElo "2523"]
[BlackElo "2530"]

1.e4 c5 2.Nf3 e6 3.d4 cxd4 4.Nxd4 a6 5.Nc3 Qc7 6.Bd3 Bc5 7.Be3 Nf6 8.O-O d6
9.Qf3 O-O 10.Qg3 Nbd7 11.Nce2 Kh8 12.Bg5 h6 13.Qh4 Nh7 14.Bd2 Ne5 15.Kh1 Qd8
16.Qg3 Bd7 17.f4 Nxd3 18.cxd3 Rc8 19.Bc3 Nf6 20.Nb3 Bb6 21.Bb4 Bc7 22.Qf3 a5
23.Bc3 b5 24.a3 e5 25.d4 Bg4 26.Qd3 Re8 27.Ng3 a4 28.Nd2 exd4 29.Bxd4 Bd7
30.Bc3 Ba5 31.Bxa5 Qxa5 32.Rac1 Qb6 33.h3 Be6 34.Kh2 Kg8 35.Rfd1 Qb8 36.Rxc8 Bxc8
37.Qd4 Bb7 38.Nf5 Re6 39.Re1 Bc6 40.Re3 Kh7 41.Rd3 Rxe4 42.Nxe4 Bxe4 43.Nxg7 Bxd3
44.Qxf6 Qh8 45.Qxd6 Bg6 46.f5 Qxg7 47.fxg6+ fxg6  1/2-1/2

[Event "1st ONGC Cup"]
[Site "Hyderabad IND"]
[Date "2006.03.01"]
[Round "6"]
[White "Deepan,C"]
[Black "Ganguly,S"]
[Result "1-0"]
[WhiteElo "2428"]
[BlackElo "2579"]

1.e4 c5 2.Nf3 e6 3.Nc3 a6 4.d4 cxd4 5.Nxd4 Qc7 6.Be3 Bb4 7.Nb3 Nf6 8.Bd3 d5
9.Bd2 Bxc3 10.Bxc3 dxe4 11.Bxf6 gxf6 12.Bxe4 f5 13.Bf3 Nc6 14.Bxc6+ Qxc6
15.Qd4 Qe4+ 16.Qxe4 fxe4 17.O-O-O Rg8 18.g3 Ke7 19.Rd4 f5 20.Rhd1 b6 21.a4 a5
22.Rc4 Rd8 23.Nd4 Kf6 24.Rc7 Rd7 25.Rxd7 Bxd7 26.Nxf5 Bxa4 27.Nd6 Bc6 28.Re1 e5
29.Nxe4+ Bxe4 30.Rxe4 Kf5 31.Rh4 Ra7 32.Kd2 b5 33.c3 Rd7+ 34.Ke2 Kg5 35.f3 Rc7
36.Re4 Kf6 37.Re3 b4 38.Kd2 bxc3+ 39.Rxc3 Rb7 40.Kc2 Rb5 41.Rc6+ Kf5 42.Rc4 h5
43.h4 Rb8 44.g4+ Ke6 45.Rc6+ Kd5 46.Ra6 hxg4 47.Rxa5+ Kd4 48.fxg4 e4 49.h5 Rc8+
50.Kd1 Rh8 51.Ke2 Rb8 52.h6 Rxb2+ 53.Kf1 e3 54.h7 Rb1+ 55.Ke2 Rb2+ 56.Kf3 Rf2+
57.Kg3 Rf8 58.g5 e2 59.Ra1 Ke5 60.Kg4 Rh8 61.Re1 Ke6 62.Rxe2+ Kf7 63.Kf5 Rf8
64.g6+ Kg7+ 65.Kg5 Re8 66.h8=Q+  1-0

[Event "1st ONGC Cup"]
[Site "Hyderabad IND"]
[Date "2006.03.01"]
[Round "6"]
[White "Sengupta,D"]
[Black "Amitpal,S"]
[Result "1-0"]
[WhiteElo "2393"]
[BlackElo "2230"]

1.e4 c5 2.Nf3 e6 3.Nc3 a6 4.d4 cxd4 5.Nxd4 Qc7 6.Be3 Nf6 7.f3 b5 8.Qd2 b4
9.Nce2 e5 10.Nb3 Bb7 11.Ng3 d5 12.exd5 Nxd5 13.Bd3 Nd7 14.Be4 N7f6 15.O-O-O a5
16.Bxd5 Nxd5 17.Ne4 Nxe3 18.Qxe3 Rc8 19.Rd2 a4 20.Nd4 Bxe4 21.Qxe4 Be7 22.Nb5 Qc4
23.Qxc4 Rxc4 24.Re1 Rc5 25.Nd6+ Bxd6 26.Rxd6 b3 27.axb3 axb3 28.c3 Rb5 29.Red1 Rb8
30.R1d5 f6 31.Kd2 Kf7 32.c4 Rhe8 33.Kc3 e4 34.Rd7+ Kg6 35.fxe4 Rxe4 36.Rd3 Re2
37.Rg3+ Kf5 38.Rd2 Re1 39.Rd5+ Ke6 40.Rb5 Rxb5 41.cxb5 g5 42.Rd3 f5 43.b6 Rf1
44.Kb4 Rc1 45.Kb5  1-0

[Event "ch-LAT"]
[Site "Riga LAT"]
[Date "2006.03.02"]
[Round "4"]
[White "Tronenkovs,V"]
[Black "Kengis,E"]
[Result "0-1"]
[WhiteElo "2261"]
[BlackElo "2531"]

1.e4 c5 2.Nf3 e6 3.d4 cxd4 4.Nxd4 a6 5.Nc3 b5 6.Be2 Bb7 7.Bf3 Nc6 8.e5 Qc7
9.Nxc6 Bxc6 10.Bxc6 Qxc6 11.O-O Ne7 12.Bf4 Ng6 13.Bg3 Be7 14.Qd3 h5 15.h3 h4
16.Bh2 Rh5 17.Rae1 b4 18.Qd1 Rf5 19.Ne2 Rg5 20.f3 Rc8 21.Nd4 Qd5 22.Re4 Nxe5
23.Kh1 Ng6 24.Rfe1 f5 25.R4e3 Kf7 26.Rd3 Qb7 27.Qe2 f4 28.Qe4 Qxe4 29.fxe4 Rgc5
30.Ne2 e5 31.c3 Rc4 32.Ng1 bxc3 33.bxc3 d6 34.Nf3 Rxc3 35.Rd2 Nf8 36.Bg1 Ne6
37.Bf2 g5 38.Nh2 Rc2 39.Rde2 Rxe2 40.Rxe2 Rc1+ 41.Bg1 Nd4 42.Rd2 Bd8 43.Nf3 Nxf3
44.gxf3 Bb6 45.Rg2 Rxg1+ 46.Rxg1 Bxg1 47.Kxg1 Ke6 48.Kf2 d5  0-1